书目信息 |
| 题名: |
好简单!我是泰语入门学习书
|
|
| 作者: | 郑焕升 编著 | |
| 分册: | ||
| 出版信息: | 北京 中国纺织出版社 2018.10 |
|
| 页数: | 240页 | |
| 开本: | 21cm | |
| 丛书名: | ||
| 单 册: | ||
| 中图分类: | H412 | |
| 科图分类: | ||
| 主题词: | 泰语--自学参考资料 | |
| 电子资源: | ||
| ISBN: | 978-7-5180-4923-3 | |
| 000 | 00835nam0 2200229 450 | |
| 001 | 4987 | |
| 005 | 20181013165913.38 | |
| 010 | @a978-7-5180-4923-3@dCNY48.00 | |
| 100 | @a20180714d2018 em y0chiy50 ea | |
| 101 | 0 | @achi@atha |
| 102 | @aCN@b110000 | |
| 105 | @aa z 000yy | |
| 200 | 1 | @a好简单!我是泰语入门学习书@9hao jian dan!wo shi tai yu ru men xue xi shu@f郑焕升编著 |
| 210 | @a北京@c中国纺织出版社@d2018.10 | |
| 215 | @a240页@c图@d21cm | |
| 300 | @a毕昂系列好书 毕昂小语种 104 | |
| 330 | @a本书将日常生活常用语设计成了25个课时,每一课包含“本课入门”“课文”“词汇学习”“举一反三”“课后习题”5个板块,最后还有与泰国相关的语言知识和文化常识等内容。 | |
| 606 | 0 | @a泰语@j自学参考资料 |
| 690 | @aH412@v5 | |
| 701 | 0 | @c(韩)@a郑焕升@9zheng huan sheng@4编著 |
| 801 | 0 | @aCN@b91MARC@c20180714 |
| 905 | @aMuseLib@dH412@e11 | |
| 好简单!我是泰语入门学习书/郑焕升编著.-北京:中国纺织出版社,2018.10 |
| 240页:图;21cm |
| 毕昂系列好书 毕昂小语种 104 |
| ISBN 978-7-5180-4923-3:CNY48.00 |
| 本书将日常生活常用语设计成了25个课时,每一课包含“本课入门”“课文”“词汇学习”“举一反三”“课后习题”5个板块,最后还有与泰国相关的语言知识和文化常识等内容。 |
| ● |
| 相关链接 |
|
|
|
|
正题名:好简单!我是泰语入门学习书
索取号:H412/11
 
预约/预借
| 序号 | 登录号 | 条形码 | 馆藏地/架位号 | 状态 | 备注 |
| 1 | 1127584 | 211275840 | 第二样本阅览室/ [索取号:H412/11] | 在馆 | |
| 2 | 1127585 | 211275859 | 密集书库—外国语学院/ [索取号:H412/11] | 在馆 | |
| 3 | 1127586 | 211275868 | 第四借阅区/ [索取号:H412/11] | 在馆 | |
| 4 | 1127587 | 211275877 | 第四借阅区/ [索取号:H412/11] | 在馆 | |
| 5 | 1127588 | 211275886 | 第四借阅区/ [索取号:H412/11] | 在馆 |